Markers of endothelial cell injury in chronic glomerulonephritis in different stages of chronic jidney disease / (رقم التسجيلة. 5235)
[ عرض عادي ]
| 000 -LEADER | |
|---|---|
| fixed length control field | 016410000a22003490004500 |
| 003 - CONTROL NUMBER IDENTIFIER | |
| control field | EG-GICUC |
| 005 - DATE AND TIME OF LATEST TRANSACTION | |
| control field | 20250223025100.0 |
| 008 - FIXED-LENGTH DATA ELEMENTS--GENERAL INFORMATION | |
| fixed length control field | 071202s2007 ua f m 000 0 eng d |
| 040 ## - CATALOGING SOURCE | |
| Original cataloging agency | EG-GICUC |
| Language of cataloging | eng |
| Transcribing agency | EG-GICUC |
| 041 0# - LANGUAGE CODE | |
| Language code of text/sound track or separate title | Eng |
| 049 ## - LOCAL HOLDINGS (OCLC) | |
| Holding library | Deposite |
| 097 ## - Thesis Degree | |
| Thesis Level | M.Sc |
| 099 ## - LOCAL FREE-TEXT CALL NUMBER (OCLC) | |
| Classification number | Cai01.11.18.M.Sc.2007.Ka.M |
| 100 0# - MAIN ENTRY--PERSONAL NAME | |
| Personal name | Kamel Fayek Elattar |
| 245 10 - TITLE STATEMENT | |
| Title | Markers of endothelial cell injury in chronic glomerulonephritis in different stages of chronic jidney disease / |
| Statement of responsibility, etc. | Kamel Fayek Elattar ; Supervised Rokaya M.abdelaziz , Azza A.Elshamaa , Mohamed Elbasil |
| 246 15 - VARYING FORM OF TITLE | |
| Title proper/short title | دلالات اصابة الخلايا الطلائية فى اللتهاب الكبيبات الكلوية المزمن فى مراحل المرض الكلوى المزمن المختلفة |
| 260 ## - PUBLICATION, DISTRIBUTION, ETC. | |
| Place of publication, distribution, etc. | Cairo : |
| Name of publisher, distributor, etc. | Kamel Fayek Elattar , |
| Date of publication, distribution, etc. | 2007 |
| 300 ## - PHYSICAL DESCRIPTION | |
| Extent | 116P. ; |
| Dimensions | 25cm |
| 502 ## - DISSERTATION NOTE | |
| Dissertation note | Thesis (M.Sc.) - Cairo University - Faculty Of Medicine - Department Of Internal Medicine |
| 520 ## - SUMMARY, ETC. | |
| Summary, etc. | We conducted a study to examine to what extent the endothelium cells are injured in glomerulonephritis patients.forty - five GN patients were divided in three groups , first was GN with normal kidney function , second GN renal impairment and third was GN on haemodialysis vWF and CRP level |
| 530 ## - ADDITIONAL PHYSICAL FORM AVAILABLE NOTE | |
| Additional physical form available note | Issued Also as CD |
| 653 #4 - INDEX TERM--UNCONTROLLED | |
| Uncontrolled term | CRP |
| 653 #4 - INDEX TERM--UNCONTROLLED | |
| Uncontrolled term | endothelium |
| 653 #4 - INDEX TERM--UNCONTROLLED | |
| Uncontrolled term | vWF |
| 700 0# - ADDED ENTRY--PERSONAL NAME | |
| Personal name | Azza A.Elshamaa , |
| Relator term | |
| 700 0# - ADDED ENTRY--PERSONAL NAME | |
| Personal name | Mohamed Elbasil , |
| Relator term | |
| 700 0# - ADDED ENTRY--PERSONAL NAME | |
| Personal name | Rokaya M.abdelaziz , |
| Relator term | |
| 856 ## - ELECTRONIC LOCATION AND ACCESS | |
| Uniform Resource Identifier | <a href="http://172.23.153.220/th.pdf">http://172.23.153.220/th.pdf</a> |
| 905 ## - LOCAL DATA ELEMENT E, LDE (RLIN) | |
| Cataloger | Aml |
| Reviser | Cataloger |
| 905 ## - LOCAL DATA ELEMENT E, LDE (RLIN) | |
| Cataloger | Esam |
| Reviser | Revisor |
| 942 ## - ADDED ENTRY ELEMENTS (KOHA) | |
| Source of classification or shelving scheme | Dewey Decimal Classification |
| Koha item type | Thesis |
| Source of classification or shelving scheme | Not for loan | Home library | Current library | Date acquired | Full call number | Barcode | Date last seen | Koha item type | Copy number |
|---|---|---|---|---|---|---|---|---|---|
| Dewey Decimal Classification | المكتبة المركزبة الجديدة - جامعة القاهرة | قاعة الرسائل الجامعية - الدور الاول | 11.02.2024 | Cai01.11.18.M.Sc.2007.Ka.M | 01010110047907000 | 22.09.2023 | Thesis | ||
| Dewey Decimal Classification | المكتبة المركزبة الجديدة - جامعة القاهرة | مخـــزن الرســائل الجـــامعية - البدروم | 11.02.2024 | Cai01.11.18.M.Sc.2007.Ka.M | 01020110047907000 | 22.09.2023 | CD - Rom | 47907.CD |